| 000 | 00714nam a2200241 a 4500 | ||
|---|---|---|---|
| 001 | BRL_110 | ||
| 005 | 20190320210607.0 | ||
| 008 | 111012s19uu----mx-a######---#000-0#spa-u | ||
| 041 | _aspa | ||
| 044 | _amx | ||
| 050 | 4 |
_aND50 _b.T542 1 1900 |
|
| 100 | 1 |
_aNeumayer, Heinrich _922936 |
|
| 245 | 1 | 0 |
_aPintura egipcia _cHeinrich Neumayer ; traducción de Matilde Z. Horne. |
| 260 |
_aMéxico _bHermes _c[19--?] |
||
| 300 |
_a[64] p. _bil. a color _c19 cm. |
||
| 440 | 0 |
_aTiempo y color _pSegunda serie : Albores de la pintura _v1 _922937 |
|
| 500 | _aAu162 | ||
| 650 | 1 | 4 |
_aPintura _xHistoria _922938 |
| 650 | 1 | 4 |
_aPintura egipcia _922939 |
| 700 | 1 |
_aHorne, Matilde Z. _etr. _922940 |
|
| 902 | _aGRL | ||
| 942 |
_2lcc _cB |
||
| 999 |
_c8923 _d8923 |
||